<?xml version="1.0" encoding="UTF-8"?>
<collection xmlns="http://www.loc.gov/MARC21/slim">
<record>
  <controlfield tag="001">132448</controlfield>
  <controlfield tag="005">20240311111224.0</controlfield>
  <datafield tag="024" ind1="8" ind2=" ">
    <subfield code="2">sideral</subfield>
    <subfield code="a">63127</subfield>
  </datafield>
  <datafield tag="037" ind1=" " ind2=" ">
    <subfield code="a">ART-2008-63127</subfield>
  </datafield>
  <datafield tag="041" ind1=" " ind2=" ">
    <subfield code="a">eng</subfield>
  </datafield>
  <datafield tag="100" ind1=" " ind2=" ">
    <subfield code="a">Ibarretxe-Antuñano, Iraide</subfield>
    <subfield code="u">Universidad de Zaragoza</subfield>
    <subfield code="0">(orcid)0000-0002-0241-9265</subfield>
  </datafield>
  <datafield tag="245" ind1=" " ind2=" ">
    <subfield code="a">Vision Metaphors for the Intellect: Are they Really Cross-Linguistic?</subfield>
  </datafield>
  <datafield tag="260" ind1=" " ind2=" ">
    <subfield code="c">2008</subfield>
  </datafield>
  <datafield tag="520" ind1="3" ind2=" ">
    <subfield code="a">Many metaphor researchers, especially within the framework of Cognitive Linguistics, have argued that the conceptual link between sight and intellect is universal. However, there are many studies, mainly anthropological but also linguistic, that contradict not only the universality of these metaphors, but also the predominant role of vision in the domain of cognition. In this paper, I will discuss the role of 'embodiment' and the importance of 'culture' in the creation and conceptualisation of perception metaphors. The main point will be to show that all human beings use the senses for gathering and processing information, but that the sense through which they choose to access that knowledge depends on the culture they are embedded in. First of all, I will describe the senses in terms of 'prototypical properties'. Then, I will show that the properties that apply to one sense in one culture might be applicable to a different sense in another culture. Rather than identifying one specific sense with one specific cognitive capability (UNDERSTANDING IS VISION), it is necessary to formulate these relationships on a more general and abstract level (UNDERSTANDING IS PERCEPTION).</subfield>
  </datafield>
  <datafield tag="506" ind1="0" ind2=" ">
    <subfield code="a">Access copy available to the general public</subfield>
    <subfield code="f">Unrestricted</subfield>
  </datafield>
  <datafield tag="540" ind1=" " ind2=" ">
    <subfield code="9">info:eu-repo/semantics/openAccess</subfield>
    <subfield code="a">by-nc-sa</subfield>
    <subfield code="u">http://creativecommons.org/licenses/by-nc-sa/3.0/es/</subfield>
  </datafield>
  <datafield tag="655" ind1=" " ind2="4">
    <subfield code="a">info:eu-repo/semantics/article</subfield>
    <subfield code="v">info:eu-repo/semantics/publishedVersion</subfield>
  </datafield>
  <datafield tag="710" ind1="2" ind2=" ">
    <subfield code="1">3010</subfield>
    <subfield code="2">575</subfield>
    <subfield code="a">Universidad de Zaragoza</subfield>
    <subfield code="b">Dpto. Lingüíst. Gral. e Hisp.</subfield>
    <subfield code="c">Área Lingüística General</subfield>
  </datafield>
  <datafield tag="773" ind1=" " ind2=" ">
    <subfield code="g">30, 1 (2008), 15-33</subfield>
    <subfield code="p">Atlantis rev. Asoc. esp. Estud. Anglo-Norteam.</subfield>
    <subfield code="t">ATLANTIS-JOURNAL OF THE SPANISH ASSOCIATION OF ANGLO-AMERICAN STUDIES</subfield>
    <subfield code="x">0210-6124</subfield>
  </datafield>
  <datafield tag="856" ind1="4" ind2="1">
    <subfield code="u">https://www.atlantisjournal.org/index.php/atlantis/issue/archive?issue=30-1#</subfield>
    <subfield code="z">Texto completo de la revista</subfield>
  </datafield>
  <datafield tag="856" ind1="4" ind2=" ">
    <subfield code="s">299618</subfield>
    <subfield code="u">http://zaguan.unizar.es/record/132448/files/texto_completo.pdf</subfield>
    <subfield code="y">Versión publicada</subfield>
  </datafield>
  <datafield tag="856" ind1="4" ind2=" ">
    <subfield code="s">1527106</subfield>
    <subfield code="u">http://zaguan.unizar.es/record/132448/files/texto_completo.jpg?subformat=icon</subfield>
    <subfield code="x">icon</subfield>
    <subfield code="y">Versión publicada</subfield>
  </datafield>
  <datafield tag="909" ind1="C" ind2="O">
    <subfield code="o">oai:zaguan.unizar.es:132448</subfield>
    <subfield code="p">articulos</subfield>
    <subfield code="p">driver</subfield>
  </datafield>
  <datafield tag="951" ind1=" " ind2=" ">
    <subfield code="a">2024-03-11-09:51:33</subfield>
  </datafield>
  <datafield tag="980" ind1=" " ind2=" ">
    <subfield code="a">ARTICLE</subfield>
  </datafield>
</record>
</collection>